[Event "11th Dubai Open 2009"]
[Site "Dubai"]
[Date "2009.05.03"]
[Round "8.16"]
[White "Geetha Narayanan Gopal"]
[Black "Hirneise Tobias"]
[Result "1-0"]
[WhiteElo "2572"]
[BlackElo "2407"]
[PlyCount "111"]
[EventDate "2009.04.26"]
[WhiteTeam "Indien"]
[BlackTeam "Deutschland"]
[WhiteTeamCountry "IND"]
[BlackTeamCountry "GER"]

1. e4 c5 2. Nf3 Nc6 3. Nc3 d6 4. d4 cxd4 5. Nxd4 Nf6 6. Bg5 e6 7. Qd2 a6 8.
O-O-O Bd7 9. f3 Be7 10. h4 h6 11. Be3 h5 12. Bg5 Qc7 13. Kb1 Nxd4 14. Qxd4 b5
15. Qd2 b4 16. Ne2 a5 17. Nd4 Qb7 18. Bd3 a4 19. Rhe1 a3 20. b3 Qb6 21. Bc4 Rd8
22. f4 Qc5 23. e5 dxe5 24. fxe5 Ng4 25. Bxe7 Qxe7 26. Nb5 O-O 27. Nd6 Bc6 28.
Qxb4 Bxg2 29. Qxa3 Bf3 30. Rd3 Qxh4 31. Qc1 Bc6 32. Qd2 Qf2 33. Qxf2 Nxf2 34.
Rd4 g5 35. Rg1 g4 36. Rf4 Nh3 {Diagram #} 37. Rfxg4+ hxg4 38. Rxg4+ Kh7 39.
Rh4+ Kg6 40. Rxh3 Kg5 41. Re3 Kf4 42. Re1 Bg2 43. Kb2 f6 44. Nb5 Bd5 45. Bxd5
exd5 46. Nc7 Kf3 47. e6 Kf2 48. Rd1 Ke2 49. e7 Kxd1 50. Ne6 f5 51. exf8=Q Rxf8
52. Nxf8 f4 53. Ng6 f3 54. Ne5 f2 55. Ng4 f1=N 56. a4 1-0

[Event "11th Dubai Open 2009"]
[Site "Dubai"]
[Date "2009.05.03"]
[Round "8.17"]
[White "Milanovic, Danilo"]
[Black "Poghosyan, Suren"]
[Result "1/2-1/2"]
[WhiteElo "2564"]
[BlackElo "2285"]
[PlyCount "121"]
[EventDate "2009.04.26"]
[WhiteTeam "Indien"]
[BlackTeam "Deutschland"]
[WhiteTeamCountry "IND"]
[BlackTeamCountry "GER"]

1. d4 e6 2. c4 Nf6 3. Nf3 b6 4. a3 Bb7 5. e3 c5 6. Bd3 cxd4 7. exd4 d5 8. b3
Be7 9. O-O O-O 10. Bb2 Nbd7 11. Re1 Rc8 12. Nbd2 Rc7 13. Rc1 Qa8 14. Bf1 Rd8
15. Qe2 Nf8 16. Ne5 Ng6 17. Ndf3 Ne4 18. Qe3 Bf6 19. Ng4 Be7 20. Nge5 Bf6 21.
Ng4 Be7 22. Nge5 Bf6 23. Nd3 dxc4 24. bxc4 Nd6 {Diagram #} 25. d5 Bxb2 26. Nxb2
exd5 27. cxd5 Rxc1 28. Rxc1 Bxd5 29. Nd4 Ne4 30. f3 Nc5 31. Re1 Qc8 32. Nd3
Nxd3 33. Bxd3 Qc5 34. Nb5 Re8 35. Qxc5 Rxe1+ 36. Kf2 bxc5 37. Kxe1 Nf4 38. Bf1
a5 39. Kd2 Kf8 40. Kc3 g5 41. g3 Ne6 42. Bc4 Bc6 43. Bxe6 Bxb5 44. Bc4 Bc6 45.
Bd3 Bxf3 46. Kc4 h6 47. Kxc5 Ke7 48. Kb5 Kd6 49. Kxa5 Ke5 50. Kb4 Kd4 51. Bf5
Ke5 52. Bc8 f5 53. a4 f4 54. a5 Be2 55. Kc3 fxg3 56. hxg3 Kd6 57. Kd2 Bb5 58.
Bg4 Kc5 59. Bc8 h5 60. Ke3 h4 61. gxh4 1/2-1/2

[Event "11th Dubai Open 2009"]
[Site "Dubai"]
[Date "2009.05.03"]
[Round "8.19"]
[White "Bajarani, Ulvi"]
[Black "Arutinian, David"]
[Result "0-1"]
[WhiteElo "2331"]
[BlackElo "2548"]
[PlyCount "50"]
[EventDate "2009.04.26"]
[WhiteTeam "Indien"]
[BlackTeam "Deutschland"]
[WhiteTeamCountry "IND"]
[BlackTeamCountry "GER"]

1. e4 c5 2. Nf3 d6 3. d4 cxd4 4. Nxd4 Nf6 5. Nc3 g6 6. Be2 Bg7 7. O-O O-O 8.
Bg5 Nc6 9. Nb3 a6 10. a4 Be6 11. Kh1 Rc8 12. f4 Na5 13. Nxa5 Qxa5 14. Bd3 Rc5
15. Qf3 {Diagram #} Rxg5 16. fxg5 Qxg5 17. e5 Qxe5 18. Rae1 Qc5 19. Qxb7 Ng4
20. Ne4 Qh5 21. h3 Qh4 22. Qb6 Be5 23. c3 Bd5 24. Be2 Bxe4 25. Bxg4 Bxg2+ 0-1

[Event "11th Dubai Open 2009"]
[Site "Dubai"]
[Date "2009.05.03"]
[Round "8.21"]
[White "Grover, Sahaj"]
[Black "Hossain, Enamul"]
[Result "0-1"]
[WhiteElo "2234"]
[BlackElo "2531"]
[PlyCount "84"]
[EventDate "2009.04.26"]
[WhiteTeam "Indien"]
[BlackTeam "Deutschland"]
[WhiteTeamCountry "IND"]
[BlackTeamCountry "GER"]

1. e4 e5 2. Nf3 Nc6 3. Bb5 a6 4. Ba4 Nf6 5. Qe2 b5 6. Bb3 Be7 7. O-O O-O 8. c3
d5 9. d3 Re8 10. Nbd2 Bf8 11. a3 h6 12. Rd1 Be6 13. Nf1 Qc8 14. Bc2 Qb7 15. Ng3
Rad8 16. Be3 Ng4 17. d4 exd4 18. cxd4 dxe4 19. Bxe4 Nf6 20. Bxc6 Qxc6 21. Rac1
Qb7 22. Qc2 Bd6 23. Ne5 c5 24. Nf5 Bxf5 25. Qxf5 Qd5 26. Qb1 c4 27. Nf3 Re4 28.
h3 Rde8 29. Qc2 Bb8 30. Re1 Nh5 31. Bd2 Rxe1+ 32. Rxe1 Rxe1+ 33. Bxe1 Nf4 34.
Qd1 Qe4 35. Kf1 Bd6 36. Bc3 Bc7 37. a4 Bd6 38. axb5 axb5 39. Qe1 Qg6 {Diagram #
} 40. Nh4 Qd3+ 41. Kg1 Ne2+ 42. Kh1 b4 0-1

[Event "11th Dubai Open 2009"]
[Site "Dubai"]
[Date "2009.05.03"]
[Round "8.23"]
[White "Guliev, Sarhan"]
[Black "Inants, Aghasi"]
[Result "1-0"]
[WhiteElo "2489"]
[BlackElo "2274"]
[PlyCount "91"]
[EventDate "2009.04.26"]
[WhiteTeam "Indien"]
[BlackTeam "Deutschland"]
[WhiteTeamCountry "IND"]
[BlackTeamCountry "GER"]

1. d4 d5 2. c4 c6 3. Nf3 Nf6 4. Nc3 e6 5. Bg5 dxc4 6. a4 Bb4 7. e4 Bxc3+ 8.
bxc3 Qa5 9. e5 Ne4 10. Bd2 Qd5 11. a5 Nd7 12. Qa4 b5 13. axb6 Nxb6 14. Qa3 c5
15. Be3 cxd4 16. Bxd4 Bb7 17. Be2 f5 18. O-O Kf7 19. Rfd1 Qc6 20. Ne1 Rhc8 21.
Bh5+ g6 22. Bf3 Nd5 23. Qc1 a5 24. h4 h5 25. Nc2 Qc7 26. Na3 Ba6 27. Re1 Kg7
28. g3 Qd8 29. Bg2 Nc5 30. Bxc5 Rxc5 31. Nc2 Rb8 32. Rd1 Qe7 33. Nd4 Bc8 {
Diagram #} 34. Bxd5 exd5 35. e6 Ra8 36. Re1 a4 37. Re5 Ra6 {Diagram #} 38. Rxf5
Bxe6 39. Qe3 Rc8 40. Qe5+ Kh7 41. Rf6 Re8 {Diagram #} 42. Rxa4 Rxa4 43. Rxe6
Ra7 44. Rxe7+ Raxe7 45. Qxd5 Rc8 46. Nf3 1-0

[Event "11th Dubai Open 2009"]
[Site "Dubai"]
[Date "2009.05.03"]
[Round "8.24"]
[White "Lalith, Babu M R"]
[Black "Zakurdjaeva, Irina"]
[Result "1-0"]
[WhiteElo "2480"]
[BlackElo "2288"]
[PlyCount "83"]
[EventDate "2009.04.26"]
[WhiteTeam "Indien"]
[BlackTeam "Deutschland"]
[WhiteTeamCountry "IND"]
[BlackTeamCountry "GER"]

1. Nf3 g6 2. c4 Bg7 3. e4 e5 4. d4 exd4 5. Nxd4 Ne7 6. Nc3 O-O 7. Be2 d6 8. h4
Nbc6 9. Be3 f5 10. Nxc6 bxc6 11. Bd4 Bxd4 12. Qxd4 c5 13. Qd2 Bb7 {Diagram #}
14. h5 fxe4 15. Bg4 e3 16. fxe3 Nf5 17. hxg6 Qg5 18. gxh7+ Kh8 19. Bxf5 Qg3+
20. Qf2 Qxf2+ 21. Kxf2 Rxf5+ 22. Kg1 Raf8 23. e4 Rf2 24. b3 Rc2 25. Nd5 Bxd5
26. exd5 Rff2 27. Rh2 Rxa2 28. Rxa2 Rxa2 29. g4 Ra1+ 30. Kf2 Rb1 31. Kf3 Rxb3+
32. Kf4 Rb8 33. Kf5 Kg7 34. Ke6 Rh8 35. g5 a5 36. g6 a4 37. Ra2 Ra8 38. Kd7 Ra7
39. Rh2 Ra8 40. Kxc7 a3 41. Kxd6 a2 42. h8=Q+ 1-0

[Event "11th Dubai Open 2009"]
[Site "Dubai"]
[Date "2009.05.03"]
[Round "8.26"]
[White "Sethuraman, S P."]
[Black "Mamedjarova, Turkan"]
[Result "0-1"]
[WhiteElo "2451"]
[BlackElo "2255"]
[PlyCount "68"]
[EventDate "2009.04.26"]
[WhiteTeam "Indien"]
[BlackTeam "Deutschland"]
[WhiteTeamCountry "IND"]
[BlackTeamCountry "GER"]

1. e4 e5 2. Nf3 Nc6 3. Bb5 a6 4. Ba4 Nf6 5. O-O Be7 6. Re1 b5 7. Bb3 d6 8. c3
O-O 9. h3 Na5 10. Bc2 c5 11. d4 Qc7 12. Nbd2 Bd7 13. Nf1 Rac8 14. d5 Ne8 15. b3
Nb7 16. a4 b4 17. Bd3 Qb6 18. Ne3 a5 19. g4 g6 20. Kh2 {Diagram #} c4 21. Bxc4
bxc3 22. Qe2 Nc5 23. Ba3 Nf6 24. Bxc5 Qxc5 25. Rg1 h5 26. g5 Nh7 27. Qd3 f6 28.
Nh4 fxg5 29. Nxg6 Rxf2+ 30. Kg3 Rf7 31. Nxe7+ Rxe7 32. Raf1 Rf8 33. Rxf8+ Kxf8
34. Rf1+ Rf7 {56 moves} 0-1

[Event "11th Dubai Open 2009"]
[Site "Dubai"]
[Date "2009.05.03"]
[Round "8.27"]
[White "Priyadharshan, K."]
[Black "De Peyer, Nick J"]
[Result "1-0"]
[WhiteElo "2411"]
[BlackElo "2179"]
[PlyCount "59"]
[EventDate "2009.04.26"]
[WhiteTeam "Indien"]
[BlackTeam "Deutschland"]
[WhiteTeamCountry "IND"]
[BlackTeamCountry "GER"]

1. e4 d6 2. d4 Nf6 3. Nc3 g6 4. Be3 c6 5. Qd2 b5 6. Bd3 h5 7. h3 Qc7 8. Nf3
Nbd7 9. O-O Bg7 10. Rfe1 e5 11. Rad1 a6 12. dxe5 dxe5 13. Bf1 Bf8 14. Ng5 Be7
15. f4 Bb7 16. Qf2 O-O 17. f5 Nh7 18. Qg3 Nxg5 19. Bxg5 Bxg5 20. Qxg5 Kg7 21.
Qe7 Qb6+ 22. Kh1 Nf6 23. Qxe5 Rae8 24. Qg3 b4 {Diagram #} 25. e5 bxc3 26. exf6+
Kxf6 27. Rd6+ Kg7 28. Rxg6+ fxg6 29. Qxg6+ Kh8 30. Qh6+ 1-0

[Event "11th Dubai Open 2009"]
[Site "Dubai"]
[Date "2009.05.03"]
[Round "8.28"]
[White "Turova, Irina"]
[Black "Al Mohayri, Sabri M"]
[Result "1-0"]
[WhiteElo "2396"]
[BlackElo "2190"]
[PlyCount "81"]
[EventDate "2009.04.26"]
[WhiteTeam "Indien"]
[BlackTeam "Deutschland"]
[WhiteTeamCountry "IND"]
[BlackTeamCountry "GER"]

1. d4 Nf6 2. c4 e6 3. Nc3 Bb4 4. Qc2 c5 5. dxc5 Bxc5 6. Nf3 Nc6 7. Bf4 O-O 8.
e3 h6 9. h3 d5 10. Be2 Nb4 11. Qb1 dxc4 12. Bxc4 Nfd5 13. O-O Nxf4 14. exf4 Qc7
15. a3 Nc6 16. Qe4 a6 17. Rac1 {Diagram #} f5 18. Bxe6+ Kh7 19. Qc4 Bxe6 20.
Qxc5 Qxf4 21. Qb6 Rab8 22. Rcd1 Rf7 23. Rfe1 Re8 24. Re3 Qb8 25. Rde1 Qc8 26.
Ne5 Nxe5 27. Rxe5 Bd7 28. Rxe8 Bxe8 29. Qb3 Rc7 30. Qd5 Bf7 31. Qf3 Qd7 32. Re5
g6 33. Qe3 Kg7 34. h4 Qd6 35. h5 Kf6 36. f4 Rc4 37. hxg6 Kxg6 38. Ne2 Kf6 39.
Qh3 Bg6 40. Qxh6 Kf7 41. Rxf5+ 1-0

[Event "11th Dubai Open 2009"]
[Site "Dubai"]
[Date "2009.05.03"]
[Round "8.29"]
[White "Narayanan, Srinath"]
[Black "Pabalan, Rocky"]
[Result "1-0"]
[WhiteElo "2381"]
[BlackElo "1938"]
[PlyCount "107"]
[EventDate "2009.04.26"]
[WhiteTeam "Indien"]
[BlackTeam "Deutschland"]
[WhiteTeamCountry "IND"]
[BlackTeamCountry "GER"]

1. e4 c6 2. d4 d5 3. e5 Bf5 4. Nf3 e6 5. Be2 Ne7 6. O-O Nd7 7. Nbd2 c5 8. c4
cxd4 9. Nb3 d3 10. Bxd3 Bxd3 11. Qxd3 dxc4 12. Qxc4 Rc8 13. Qg4 Nd5 14. Nbd4 h5
15. Qg3 Qb6 16. Be3 Nc5 17. Rac1 Rd8 18. Bg5 Be7 19. Bxe7 Nxe7 20. Qxg7 Rg8 21.
Qh7 Rg4 22. Rfd1 Nd5 {Diagram #} 23. Rxc5 Rxd4 24. Nxd4 Qxc5 25. Qxh5 Nf4 26.
Qh8+ Qf8 27. Qxf8+ Kxf8 28. Kf1 f6 29. g3 fxe5 30. gxf4 exd4 31. Ke2 Ke7 32.
Kd3 Rh8 33. Rh1 Rh4 34. Kxd4 Rxf4+ 35. Ke3 Rh4 36. Kf3 Ra4 37. a3 Rh4 38. Kg3
Rd4 39. Rc1 Rd3+ 40. f3 Rb3 41. Rc2 Kf6 42. Kg4 Rd3 43. h4 Rb3 44. h5 Rd3 45.
Rh2 Rd7 46. f4 Kg7 47. Re2 Re7 48. Kh4 Kh6 49. f5 e5 50. Kg4 Kg7 51. Kg5 Kf7
52. Rh2 e4 53. Kf4 a5 54. a4 1-0

[Event "11th Dubai Open 2009"]
[Site "Dubai"]
[Date "2009.05.03"]
[Round "8.30"]
[White "Melnikova, Yana"]
[Black "Girinath, P D S."]
[Result "0-1"]
[WhiteElo "2264"]
[BlackElo "2404"]
[PlyCount "52"]
[EventDate "2009.04.26"]
[WhiteTeam "Indien"]
[BlackTeam "Deutschland"]
[WhiteTeamCountry "IND"]
[BlackTeamCountry "GER"]

1. e4 c5 2. Nf3 e6 3. d4 cxd4 4. Nxd4 a6 5. Bd3 Nf6 6. Qe2 d6 7. c4 g6 8. Nc3
Bg7 9. O-O O-O 10. Kh1 Nbd7 11. Nb3 b6 12. Bf4 Qc7 13. Rfd1 Bb7 14. Rac1 Nh5
15. Be3 Nc5 16. Nd2 f5 17. Bxc5 dxc5 18. Nf3 Rad8 19. Qc2 Nf4 20. exf5 gxf5 21.
Ne1 Rf6 22. Ne2 Nxe2 23. Qxe2 Rh6 24. f4 {Diagram #} Rxh2+ 25. Kxh2 Qxf4+ 26.
Kh3 Be5 0-1

[Event "11th Dubai Open 2009"]
[Site "Dubai"]
[Date "2009.05.03"]
[Round "8.32"]
[White "Georg, Magdy"]
[Black "Debashis, Das"]
[Result "0-1"]
[WhiteElo "2277"]
[BlackElo "2352"]
[PlyCount "120"]
[EventDate "2009.04.26"]
[WhiteTeam "Indien"]
[BlackTeam "Deutschland"]
[WhiteTeamCountry "IND"]
[BlackTeamCountry "GER"]

1. d4 Nf6 2. Nf3 e6 3. e3 Nc6 4. Nbd2 g6 5. c3 Bg7 6. Bd3 O-O 7. O-O d6 8. b4
a6 9. e4 h6 10. Re1 Nh5 11. Nf1 e5 12. d5 Ne7 13. Ng3 Nf4 14. Bxf4 exf4 15. Ne2
g5 16. Nfd4 Be5 17. Rc1 g4 18. Qd2 Ng6 19. Nf5 Qg5 20. Ned4 Kh8 21. Rc2 Rg8 22.
Kh1 Bd7 23. Rb2 Rae8 24. Qc1 {Diagram #} Bxd4 25. cxd4 Bxf5 26. exf5 Nh4 27.
Rb1 Rxe1+ 28. Qxe1 g3 29. fxg3 fxg3 30. hxg3 Qxg3 31. Qxg3 Rxg3 32. Be4 Re3 33.
Bf3 Nxf3 34. gxf3 Rxf3 35. Rc1 Rxf5 36. Rxc7 Kg7 37. Rxb7 Rxd5 38. Rb6 Rxd4 39.
Rxa6 Rxb4 40. Rxd6 Rb1+ 41. Kg2 Rb2+ 42. Kg3 Rxa2 {Diagram #} 43. Kg4 Ra4+ 44.
Kf5 Ra5+ 45. Kg4 Rg5+ 46. Kf4 Rg1 47. Kf5 h5 48. Rc6 Rg6 49. Rc7 Rh6 50. Rc3 h4
51. Rh3 f6 52. Rh1 h3 53. Kg4 Kg6 54. Rh2 f5+ 55. Kg3 Kg5 56. Kf3 f4 57. Rh1 h2
58. Kf2 Kg4 59. Kg2 f3+ 60. Kf1 Kg3 0-1

[Event "11th Dubai Open 2009"]
[Site "Dubai"]
[Date "2009.05.03"]
[Round "8.33"]
[White "Pourkashiyan, Atousa"]
[Black "Abdulov, Orkhan"]
[Result "1-0"]
[WhiteElo "2273"]
[BlackElo "2339"]
[PlyCount "75"]
[EventDate "2009.04.26"]
[WhiteTeam "Indien"]
[BlackTeam "Deutschland"]
[WhiteTeamCountry "IND"]
[BlackTeamCountry "GER"]

1. e4 c5 2. Nf3 Nc6 3. Nc3 e6 4. d4 cxd4 5. Nxd4 Nf6 6. Nxc6 bxc6 7. Bd3 e5 8.
O-O Be7 9. Kh1 d6 10. f4 h5 11. Bc4 Qb6 12. fxe5 dxe5 13. Bg5 Bg4 14. Qe1 Rd8
15. Qg3 Qc5 16. Bb3 Rd6 17. h3 h4 18. Qe3 Qxe3 19. Bxe3 Be6 20. Bxe6 Rxe6 21.
Bxa7 c5 22. a4 Kd7 23. a5 Kc6 24. Bb6 Ra8 25. Rad1 Rd6 26. Nd5 Nxd5 27. exd5+
Rxd5 28. Rxd5 Kxd5 29. Rxf7 Bd6 30. Kg1 e4 31. Kf2 Be5 32. Ke2 Ke6 33. Ra7 Rc8
34. c3 Kd5 35. Rd7+ Kc6 36. Rd8 Rxd8 37. Bxd8 Bf4 38. Bxh4 1-0

[Event "11th Dubai Open 2009"]
[Site "Dubai"]
[Date "2009.05.03"]
[Round "8.34"]
[White "Gurieli, Nino"]
[Black "Isgandarova, Khayala"]
[Result "1-0"]
[WhiteElo "2325"]
[BlackElo "2230"]
[PlyCount "61"]
[EventDate "2009.04.26"]
[WhiteTeam "Indien"]
[BlackTeam "Deutschland"]
[WhiteTeamCountry "IND"]
[BlackTeamCountry "GER"]

1. d4 Nf6 2. Nf3 g6 3. g3 Bg7 4. Bg2 O-O 5. O-O d5 6. c4 Nc6 7. cxd5 Nxd5 8. e4
Nb6 9. d5 Na5 10. Nc3 Bd7 11. Qe2 c6 12. Rd1 cxd5 13. exd5 Nac4 14. Nd4 h6 {
Diagram #} 15. Ne6 fxe6 16. dxe6 Nd6 17. exd7 Qxd7 18. Bf4 Rad8 19. Rac1 Kh7
20. b3 Nbc8 21. Nd5 Qb5 22. Qe6 Nf5 23. Be5 Qe2 24. Re1 {Diagram #} Qxf2+ 25.
Kxf2 Nd4+ 26. Nf6+ Rxf6+ 27. Bxf6 Nxe6 28. Bxg7 Nxg7 29. Bxb7 Nd6 30. Rxe7 Ndf5
31. Re2 1-0

[Event "11th Dubai Open 2009"]
[Site "Dubai"]
[Date "2009.05.03"]
[Round "8.35"]
[White "Hassan, Abdullah"]
[Black "Antonio, Viani D'cunha"]
[Result "1-0"]
[WhiteElo "2322"]
[BlackElo "2107"]
[PlyCount "71"]
[EventDate "2009.04.26"]
[WhiteTeam "Indien"]
[BlackTeam "Deutschland"]
[WhiteTeamCountry "IND"]
[BlackTeamCountry "GER"]

1. d4 Nf6 2. Nf3 g6 3. g3 Bg7 4. Bg2 O-O 5. O-O d5 6. c4 dxc4 7. Na3 c5 8. Nxc4
Na6 9. b3 Be6 10. Bb2 Bd5 11. e3 Rc8 12. Qe2 cxd4 13. Bxd4 Nc5 14. Rac1 b6 15.
Rfd1 Qd7 16. Ne1 Qe6 17. Bxd5 Nxd5 18. Bxg7 Kxg7 19. Nf3 Rfd8 20. Nd4 Qf6 21.
Nb5 Ne4 22. Qc2 Ng5 23. Qb2 a6 24. Qxf6+ Kxf6 25. Nd4 b5 26. Nd2 Nc3 {Diagram #
} 27. Rxc3 Rxc3 28. h4 Nh3+ 29. Kg2 Kg7 30. Kxh3 e5 31. N4f3 Rc2 32. a4 Rd3 33.
Ra1 e4 34. Nxe4 Rxb3 35. Nd4 Rc4 36. Nxb3 1-0

[Event "11th Dubai Open 2009"]
[Site "Dubai"]
[Date "2009.05.03"]
[Round "8.39"]
[White "Hakimifard, Ghazal"]
[Black "Lejlic, Samir"]
[Result "1-0"]
[WhiteElo "2072"]
[BlackElo "2388"]
[PlyCount "52"]
[EventDate "2009.04.26"]
[WhiteTeam "Indien"]
[BlackTeam "Deutschland"]
[WhiteTeamCountry "IND"]
[BlackTeamCountry "GER"]

1. e4 e5 2. Nf3 Nc6 3. Bb5 a6 4. Ba4 d6 5. c3 f5 6. exf5 Bxf5 7. O-O Bd3 8. Re1
Be7 9. Bc2 Bxc2 10. Qxc2 Nf6 11. d4 e4 12. Ng5 d5 13. f3 h6 14. Nh3 O-O 15. Nd2
Bd6 16. fxe4 Ng4 17. e5 {Diagram #} Ncxe5 18. dxe5 Bc5+ 19. Kh1 Qh4 20. Qd1 Bf2
21. Re2 Bb6 22. Nf1 Rf2 23. Rxf2 Qxf2 24. Ng3 Rf8 25. Bd2 {Diagram #} Qxg2+ 26.
Kxg2 Rf2+ 1-0

[Event "11th Dubai Open 2009"]
[Site "Dubai"]
[Date "2009.05.03"]
[Round "8.40"]
[White "Nasri, Amin"]
[Black "Yousif, Ammar Mohd"]
[Result "1-0"]
[WhiteElo "2336"]
[BlackElo "2054"]
[PlyCount "85"]
[EventDate "2009.04.26"]
[WhiteTeam "Indien"]
[BlackTeam "Deutschland"]
[WhiteTeamCountry "IND"]
[BlackTeamCountry "GER"]

1. d4 d5 2. c4 c6 3. Nf3 Nf6 4. Nc3 e6 5. Bg5 dxc4 6. e4 b5 7. e5 h6 8. Bh4 g5
9. exf6 gxh4 10. a4 b4 11. Nb1 Ba6 12. Be2 Qxf6 13. Nbd2 c3 14. bxc3 bxc3 15.
Ne4 Qf4 16. Qc2 Bxe2 17. Qxe2 Nd7 18. g3 Qb8 19. O-O Be7 20. Rfc1 hxg3 21. hxg3
Qb2 22. Qc4 f5 23. Nxc3 h5 24. Ne2 Qb7 25. Nf4 Rh6 26. Qe2 Kf7 27. Re1 Nf8 28.
Rab1 Qc7 29. Ne5+ Kg8 30. Rbc1 c5 31. dxc5 h4 32. Rc3 Qa5 33. Qe3 Rc8 34. Rec1
Qxa4 35. Nfg6 Rxg6 36. Nxg6 Bf6 37. Nxf8 Kxf8 38. Qxe6 Rc6 39. Qxf5 hxg3 40.
Rxg3 Qd4 41. Rb1 Qe5 42. Qh7 Bg7 43. Rb8+ 1-0

[Event "11th Dubai Open 2009"]
[Site "Dubai"]
[Date "2009.05.03"]
[Round "8.45"]
[White "Partac, Elena"]
[Black "Abdulwahab, Mustafa"]
[Result "1-0"]
[WhiteElo "2171"]
[BlackElo "1741"]
[PlyCount "49"]
[EventDate "2009.04.26"]
[WhiteTeam "Indien"]
[BlackTeam "Deutschland"]
[WhiteTeamCountry "IND"]
[BlackTeamCountry "GER"]

1. e4 e5 2. Nf3 Nc6 3. Bb5 Nge7 4. O-O g6 5. d4 exd4 6. Nxd4 Bg7 7. Be3 O-O 8.
Nc3 a6 9. Be2 d6 10. a4 f5 11. exf5 Nxf5 12. Nxf5 Bxf5 13. Qd2 Qd7 14. a5 Rae8
15. Ra4 Ne5 16. Rb4 Qc6 17. Bd4 Bc8 18. h3 Qd7 19. Bxe5 Bxe5 20. Bg4 Qc6 21.
Bxc8 Rxc8 22. Qd5+ Kh8 23. Rxb7 Qxd5 24. Nxd5 Rf7 25. c3 1-0

[Event "11th Dubai Open 2009"]
[Site "Dubai"]
[Date "2009.05.03"]
[Round "8.46"]
[White "Mona, Khaled"]
[Black "Tawfeik, Moustafa"]
[Result "1-0"]
[WhiteElo "2084"]
[BlackElo "2154"]
[PlyCount "55"]
[EventDate "2009.04.26"]
[WhiteTeam "Indien"]
[BlackTeam "Deutschland"]
[WhiteTeamCountry "IND"]
[BlackTeamCountry "GER"]

1. d4 Nf6 2. Nf3 g6 3. e3 Bg7 4. c4 O-O 5. Nc3 d6 6. Be2 c5 7. O-O Nbd7 8. b3
cxd4 9. exd4 e5 10. Ba3 exd4 11. Nxd4 Nc5 12. Rc1 Nfe4 13. Nxe4 Nxe4 14. Bf3
Qf6 15. Bxe4 Qxd4 16. Qxd4 Bxd4 17. Bxd6 Re8 18. Bf3 Bf5 19. Rcd1 Bf6 20. Bxb7
Rad8 21. Bf3 g5 22. g4 Be4 23. Bxe4 Rxe4 24. f3 Re2 25. Rf2 Rde8 26. c5 Re1+
27. Rxe1 Rxe1+ 28. Kg2 1-0

[Event "11th Dubai Open 2009"]
[Site "Dubai"]
[Date "2009.05.03"]
[Round "8.48"]
[White "Ahmed, Fayez"]
[Black "Tejaswini, Reddy S"]
[Result "1-0"]
[WhiteElo "1784"]
[BlackElo "2020"]
[PlyCount "41"]
[EventDate "2009.04.26"]
[WhiteTeam "Indien"]
[BlackTeam "Deutschland"]
[WhiteTeamCountry "IND"]
[BlackTeamCountry "GER"]

1. e4 c5 2. c3 d5 3. exd5 Qxd5 4. d4 Nf6 5. Nf3 e6 6. Na3 cxd4 7. Nb5 Na6 8.
cxd4 Bd7 9. Nc3 Bb4 10. Bd3 Qh5 11. Qb3 Nd5 12. O-O Nac7 13. Ne5 Rd8 14. Ne4
O-O 15. a3 Ba5 {Diagram #} 16. g4 Qh4 17. Bg5 Qh3 18. Bxd8 Rxd8 19. Ng5 Qh4 20.
Bxh7+ Kf8 21. Qf3 1-0

[Event "11th Dubai Open 2009"]
[Site "Dubai"]
[Date "2009.05.03"]
[Round "8.49"]
[White "Abdulrahman, Al Yafee"]
[Black "Mehdi, Samer"]
[Result "0-1"]
[WhiteElo "1913"]
[BlackElo "2099"]
[PlyCount "74"]
[EventDate "2009.04.26"]
[WhiteTeam "Indien"]
[BlackTeam "Deutschland"]
[WhiteTeamCountry "IND"]
[BlackTeamCountry "GER"]

1. d4 Nf6 2. c4 c5 3. e3 g6 4. Nc3 Bg7 5. b3 O-O 6. Nf3 cxd4 7. exd4 d5 8. Be2
Be6 9. O-O Ne4 10. Bb2 Nxc3 11. Bxc3 Na6 12. Rc1 Nc7 13. Re1 Qd7 14. c5 Rad8
15. a4 Rfe8 16. b4 Bg4 17. Ne5 Bxe2 18. Rxe2 Qc8 19. b5 f6 20. Nd3 Qf5 21. Ba5
Rc8 22. Nb4 Bh6 23. Rc3 {Diagram #} b6 24. cxb6 axb6 25. Bxb6 Nxb5 26. Rc5 Rxc5
27. Bxc5 Nc3 28. Qc2 Nxe2+ 29. Qxe2 Qb1+ 30. Qf1 Qxf1+ 31. Kxf1 e6 32. a5 Bd2
33. Nc6 Ra8 34. Bb6 Ra6 35. Nb8 Bxa5 36. Nxa6 Bxb6 37. Ke2 Bxd4 0-1

[Event "11th Dubai Open 2009"]
[Site "Dubai"]
[Date "2009.05.03"]
[Round "8.52"]
[White "Nouman, Amna"]
[Black "Issa, Mohammed"]
[Result "0-1"]
[WhiteElo "1668"]
[BlackElo "1977"]
[PlyCount "50"]
[EventDate "2009.04.26"]
[WhiteTeam "Indien"]
[BlackTeam "Deutschland"]
[WhiteTeamCountry "IND"]
[BlackTeamCountry "GER"]

1. e4 e5 2. Nf3 d6 3. Nc3 Nf6 4. Bc4 Be6 5. Bb3 Nc6 6. h3 g6 7. d3 Bg7 8. Be3
Bxb3 9. axb3 a6 10. O-O Qd7 11. Qd2 O-O 12. Rfe1 Ne8 13. d4 exd4 14. Nxd4 Nxd4
15. Bxd4 f5 16. exf5 Bxd4 17. Qxd4 Qxf5 18. Re2 Ng7 19. Rae1 Rae8 20. Rxe8 Rxe8
21. Rxe8+ Nxe8 22. Qc4+ Kf8 23. Qe2 Kf7 24. Nd1 Qe5 25. Qf3+ Nf6 {54 moves} 0-1

[Event "11th Dubai Open 2009"]
[Site "Dubai"]
[Date "2009.05.04"]
[Round "9.4"]
[White "Anastasian Ashot"]
[Black "Arun Prasad S"]
[Result "1-0"]
[WhiteElo "2554"]
[BlackElo "2552"]
[PlyCount "187"]
[EventDate "2009.04.26"]
[WhiteTeam "Armenien"]
[BlackTeam "Indien"]
[WhiteTeamCountry "ARM"]
[BlackTeamCountry "IND"]

1. d4 Nf6 2. c4 e6 3. Nc3 Bb4 4. Qc2 d5 5. cxd5 exd5 6. Bg5 c5 7. dxc5 h6 8.
Bxf6 Qxf6 9. e3 O-O 10. Nf3 Be6 11. a3 Bxc3+ 12. Qxc3 Qxc3+ 13. bxc3 Nd7 14.
Nd4 Nxc5 15. f3 Rfc8 16. Kd2 Bd7 17. Bd3 Rc7 18. Bc2 Ne6 19. a4 Nxd4 20. cxd4
Rac8 21. Bd3 Kf8 22. a5 Ke7 23. Rhb1 Kd6 24. Ra3 Bc6 25. g4 Re8 26. h4 Rce7 27.
Bc2 g6 28. Rh1 Rh8 29. h5 g5 30. Rb1 Rhe8 31. Rc3 Rc7 32. Bd3 Bd7 33. Rcb3 Bc8
34. Rb5 Rce7 35. Re1 Rd8 36. Bb1 Rc7 37. Ba2 Be6 38. Reb1 Rdd7 39. R1b2 Ke7 40.
Bb1 Kd8 41. Bd3 Kc8 42. R5b4 Rd8 43. e4 dxe4 44. Bxe4 b6 45. axb6 axb6 46. Ke3
Rc3+ 47. Kf2 Kc7 48. Ra4 Rd6 49. Ra7+ Kd8 50. d5 Bd7 51. Rb7 b5 52. Ra2 Rc5 53.
Ra8+ Ke7 54. Raa7 Ke8 55. Ke3 Rc3+ 56. Kf2 Rc5 57. Ra8+ Ke7 58. Kg3 Kf6 59. Rd8
Ke7 60. Rh8 Rf6 61. Ra8 Rd6 62. Kf2 Kf6 63. Ke3 Rc3+ 64. Ke2 Rc5 65. Raa7 Ke7
66. Kd3 Ke8 67. Rb8+ Ke7 68. Ke2 Kf6 69. Kd2 {Diagram #} Be6 70. Rh8 Rdxd5+ 71.
Bxd5 Rxd5+ 72. Ke3 Kg7 73. Raa8 f5 74. Rhe8 Kf7 75. Rh8 Kg7 76. Rhb8 fxg4 77.
Rb6 Bf7 78. fxg4 Re5+ 79. Kd4 Re2 80. Ra7 Rf2 81. Ke3 Rf4 82. Rg6+ Kh7 83. Rb7
b4 84. Rd6 b3 85. Rd4 Rf6 86. Ke4 Kg7 87. Rdd7 Rf4+ 88. Ke5 Rf3 89. Rd6 Re3+
90. Kd4 Rf3 91. Ke4 Rf4+ 92. Ke5 b2 {Diagram #} 93. Rg6+ Kf8 94. Rf6 1-0